000 00397nam a2200169Ia 4500
008 230917s9999||||xx |||||||||||||| ||und||
020 _cRS28
040 _e4527
_aMAIN
041 _aEnglish
082 _a589.3 K96T
100 _aKumar, H D
245 0 _aTextbook on algae
250 _a3rd ed.
260 _aNew Delhi
_bAffiliated East-West Press
_c1982
300 _ax, 251 p.
942 _cBK
999 _c43208
_d43208